The vanilloid receptor localization, function, and its potential as a new target for the treatment of pain /

Elmentve itt :
Bibliográfiai részletek
Szerző: Kárai László
További közreműködők: Oláh Zoltán (Témavezető)
Dokumentumtípus: Disszertáció
Megjelent: 2006
Tárgyszavak:
Online Access:http://doktori.ek.szte.hu/525
LEADER 00848nta a2200193 i 4500
001 dokt525
005 20190708152652.0
008 100309s2006 hu om 0|| eng d
040 |a SZTE Doktori Repozitórium  |b hun 
041 |a eng 
100 1 |a Kárai László 
245 1 4 |a The vanilloid receptor  |h [elektronikus dokumentum] :  |b localization, function, and its potential as a new target for the treatment of pain /  |c  Kárai László 
260 |c 2006 
502 |a Disszertacio 
650 4 |a klinikai orvostudományok 
700 1 |a Oláh Zoltán  |e ths 
856 4 0 |u https://doktori.bibl.u-szeged.hu/id/eprint/525/1/de_2793.pdf  |z Dokumentum-elérés  
856 4 0 |u https://doktori.bibl.u-szeged.hu/id/eprint/525/2/tz_eredeti2793.pdf  |z Dokumentum-elérés  
856 4 0 |u https://doktori.bibl.u-szeged.hu/id/eprint/525/7/2006_karai_laszlo_mellk.pdf  |z Dokumentum-elérés